Movies Quiz

Random Movies or Clickable Quiz

Actor, Character, Actor Matchup 2 Quiz Stats

 Plays Quiz not verified by Sporcle

Challenge
Share
Tweet
Score 0/18 Timer 06:00
0 Plays Today
% Correct
Halle Berry
96.6%
Morgan Freeman
88%
Tobey Maguire
84.9%
Patrick Stewart
84.7%
Eric Bana
84.2%
Kevin Costner
81.9%
River Phoenix
80%
Robert Downey Jr.
78.7%
Claire Danes
77.5%
% Correct
Jake Lloyd
77.2%
John Wayne
76.1%
Michael Gambon
75.2%
Willem Dafoe
67.1%
Karl Urban
65.2%
Anne Heche
59%
Rob Lowe
58.4%
Angela Lansbury
55.1%
Ben Whishaw
52.2%

You're not logged in!

Compare scores with friends on all Sporcle quizzes.
Join for Free
OR
Log In

You Might Also Like...

Show Comments

Extras

Top Quizzes Today


Score Distribution

Your Account Isn't Verified!

In order to create a playlist on Sporcle, you need to verify the email address you used during registration. Go to your Sporcle Settings to finish the process.

Report this User

Report this user for behavior that violates our Community Guidelines.

Details: